000 00899nam a2200289Ia 4500
003 OSt
005 20221005062406.0
006 a|||||r|||| 00| 0
007 ta
008 221004b |||||||| |||| 00| 0 eng d
020 _a9781138823150 (pbk)
_c2011.68
024 _a25112
037 _b315, 03/03/2016, Classic Book Service
_cTextual
040 _aCRL
_cCRL
_beng
041 _2eng
_aeng
082 _aX:5.1,dN95, Q6
100 _aHoekman Bernard M.
_914678
245 0 _aWorld trade organisation
_b Law,economics, and politics
250 _a2nd
260 _aLondon
_bRoutledge UK
_c2016
300 _axi, 160p.
_ccm.
490 _aGlobal institutions
650 _aECONOMICS
700 _a Mavroidis Petros C.
942 _hX:5.1,dN95, Q6
_cTEXL
_2cc
999 _c969609
_d969609